[Event "COL-ch U12"]
[Site "Bogota"]
[Date "2010.04.01"]
[Round "8.1"]
[White "Quinonez Garcia, Santiago"]
[Black "Arguelles, Nicolas"]
[Result "1-0"]
[WhiteElo "1940"]
[BlackElo "1909"]
[PlyCount "75"]
[EventDate "2010.03.29"]
[EventType "swiss"]
[EventRounds "8"]
[EventCountry "COL"]
[SourceTitle "EXT 2024"]
[Source "ChessBase"]
[SourceDate "2023.10.10"]
[SourceVersion "1"]
[SourceVersionDate "2023.10.10"]
[SourceQuality "1"]

1. e4 c5 2. Nf3 d6 3. d4 cxd4 4. Qxd4 Nc6 5. Bb5 Bd7 6. Bxc6 Bxc6 7. Nc3 Nf6 8. Bg5 e6 9. 0-0-0 Be7 10. Rhe1 0-0 11. Kb1 Qc7 12. Qd2 h6 13. Bh4 Rfe8 14. Bxf6 Bxf6 15. Nd4 Rad8 16. f3 a6 17. g4 b5 18. a3 a5 19. Ncxb5 Bxb5 20. Nxb5 Qb6 21. a4 Rd7 22. e5 Bh4 23. Re2 dxe5 24. Qxd7 Rd8 25. Qa7 Rxd1+ 26. Ka2 Qc6 27. Qb8+ Kh7 28. Qxe5 Qxf3 29. Qe4+ Qxe4 30. Rxe4 Rd2 31. c4 Bf6 32. Ka3 Rxb2 33. h3 Kg6 34. h4 Rb4 35. h5+ Kg5 36. Nd6 Be7 37. Nxf7+ Kf6 38. Rf4# 1-0

[Event "COL-ch U12"]
[Site "Bogota"]
[Date "2010.03.29"]
[Round "2.1"]
[White "Gomez, Juan Andres"]
[Black "Arguelles, Nicolas"]
[Result "1-0"]
[WhiteElo "1971"]
[BlackElo "1909"]
[PlyCount "73"]
[EventDate "2010.03.29"]
[EventType "swiss"]
[EventRounds "8"]
[EventCountry "COL"]
[SourceTitle "EXT 2024"]
[Source "ChessBase"]
[SourceDate "2023.10.10"]
[SourceVersion "1"]
[SourceVersionDate "2023.10.10"]
[SourceQuality "1"]

1. e4 c5 2. Nf3 d6 3. c3 Nc6 4. Bd3 Nf6 5. Bc2 g6 6. d4 cxd4 7. cxd4 Bg7 8. Nc3 0-0 9. a3 b6 10. h3 Bb7 11. 0-0 Qd7 12. Bf4 Nh5 13. Bh2 Rad8 14. Re1 Rfe8 15. Ba4 Qc8 16. d5 Nb8 17. Bxe8 Rxe8 18. Rc1 Qd8 19. Qa4 a6 20. Re2 Nd7 21. Qd1 Bh6 22. Rcc2 Nf4 23. Re1 a5 24. Qd4 Nf6 25. Ne2 Nxe2+ 26. Rexe2 Ba6 27. Re1 Bb7 28. Qa4 Ba6 29. Rc3 b5 30. Qc2 g5 31. Rc7 Nd7 32. e5 dxe5 33. Nxe5 Nxe5 34. Bxe5 Qxd5 35. Qc6 Qxc6 36. Rxc6 Ra8 37. Rxh6 1-0

[Event "Valle Region-ch U16"]
[Site "Yumbo"]
[Date "2010.02.27"]
[Round "4.12"]
[White "Cruz, Jhon"]
[Black "Arguelles, Nicolas"]
[Result "0-1"]
[WhiteElo "1600"]
[BlackElo "1483"]
[PlyCount "32"]
[EventDate "2010.02.26"]
[EventType "swiss"]
[EventRounds "7"]
[EventCountry "COL"]
[SourceTitle "EXT 2024"]
[Source "ChessBase"]
[SourceDate "2023.10.10"]
[SourceVersion "1"]
[SourceVersionDate "2023.10.10"]
[SourceQuality "1"]

1. e4 c5 2. d4 cxd4 3. Qxd4 Nc6 4. Qc3 Nf6 5. e5 Nd5 6. Qc5 e6 7. Qb5 Nxe5 8. Bc4 Bb4+ 9. c3 a6 10. Qa4 Nxc4 11. cxb4 Qb6 12. Be3 Ndxe3 13. fxe3 Qxe3+ 14. Ne2 Nxb2 15. Qc2 Nd3+ 16. Kf1 Qf2# 0-1